000 00217nam a22000857a 4500
008 161108b xxu||||| |||| 00| 0 eng d
100 _91092
_aRazeghpanah. v
245 _aMir Space Station
260 _aNew Delhi
_bN B T
_c2004
999 _c3752
_d3752